[Event "Challenge"]
[Site "http://www.queenalice.com/game.php?id=1437841"]
[Date "2016.8.26"]
[Round "-"]
[White "lrschenk"]
[Black "reccar"]
[Result "0-1"]
[WhiteElo "1755"]
[BlackElo "1487"]

1. d4 b6 2. d5 d6 3. Nc3 e5 4. f4 Nd7 5. e4 Ngf6 6. Bb5 a6 7. Bxd7+ Bxd7 8. f5
b5 9. Nf3 h6 10. h4 h5 11. Ne2 Nxe4 12. Ng5 Bxf5 13. Nc3 Nxg5 14. Bxg5 f6 15.
O-O Qc8 16. Be3 Bg4 17. Ne4 Bxd1 0-1

[Event "Carcanha"]
[Site "http://www.queenalice.com/game.php?id=1438275"]
[Date "2016.8.28"]
[Round "-"]
[White "lrschenk"]
[Black "reccar"]
[Result "1/2-1/2"]
[WhiteElo "1739"]
[BlackElo "1507"]

1. e4 e5 2. Nf3 d6 3. Bc4 Nh6 4. d4 Nd7 5. Ng5 Qe7 6. Nc3 f6 7. Ne6 Nb6 8. Nxc7+
Qxc7 9. Bb5+ Nd7 10. b4 a6 11. Nd5 Qb8 12. Nb6 Ra7 13. Bxd7+ Bxd7 14. Nxd7 Kxd7
15. d5 Nf7 16. h4 b5 17. Qg4+ Ke8 18. Be3 Rc7 19. Kd2 Rg8 20. a4 Qb7 21. a5 g6
22. Bb6 Rc4 23. f3 Rxb4 24. Kc3 h5 25. Qe6+ Be7 26. Kxb4 Qb8 27. Qh3 Nd8 28. g4
Nf7 29. Qf1 Bd8 30. c4 Bxb6 31. axb6 Qxb6 32. cxb5 a5+ 33. Rxa5 Qd4+ 34. Kb3
Qe3+ 35. Kc2 Qc5+ 36. Kd1 Qd4+ 37. Ke2 Qb2+ 38. Kd1 Qb3+ 1/2-1/2

[Event "Challenge"]
[Site "http://www.queenalice.com/game.php?id=1439496"]
[Date "2016.9.3"]
[Round "-"]
[White "Vin100"]
[Black "reccar"]
[Result "0-1"]
[WhiteElo "1592"]
[BlackElo "1509"]

1. e4 e5 2. Nf3 d6 3. d4 Nf6 4. Bd3 Nbd7 5. O-O b6 6. Nc3 Bb7 7. Be3 a6 8. Ne2
Nxe4 9. Bxe4 Bxe4 10. Nc3 Bb7 11. d5 Nf6 12. b4 Ra7 13. Qd3 Qa8 14. a4 Nxd5 15.
Nxd5 Bxd5 16. Bd2 Be7 17. c4 Bb7 18. h4 Qd8 19. Ng5 O-O 20. g3 Qe8 21. f4 Qc6
22. b5 Qg2# 0-1

[Event "Armandinho"]
[Site "http://www.queenalice.com/game.php?id=1439506"]
[Date "2016.9.3"]
[Round "-"]
[White "reccar"]
[Black "lrschenk"]
[Result "0-1"]
[WhiteElo "1516"]
[BlackElo "1730"]

1. e4 e5 2. d3 d5 3. Nc3 Bb4 4. Bd2 Bxc3 5. Bxc3 d4 6. Bd2 h5 7. Nf3 Nh6 8. Bxh6
Rxh6 9. Nxe5 Qf6 10. Nf3 Bg4 11. Be2 g5 12. O-O Nc6 13. Qd2 O-O-O 14. Rfe1 h4
15. Nxg5 Ne5 16. c3 Rg8 17. Nf3 Nxf3+ 18. Bxf3 Bxf3 19. e5 Rxg2+ 20. Kf1 Rg1+
21. Kxg1 Qg6+ 0-1

[Event "Bililim"]
[Site "http://www.queenalice.com/game.php?id=1439880"]
[Date "2016.9.5"]
[Round "-"]
[White "lrschenk"]
[Black "reccar"]
[Result "0-1"]
[WhiteElo "1765"]
[BlackElo "1520"]

1. f4 e6 2. d4 b6 3. e4 Bb7 4. e5 Nc6 5. a3 Nge7 6. Bc4 Nf5 7. c3 Nce7 8. Qe2
Nh4 9. Nf3 Nef5 10. Nbd2 a6 11. g3 Nxf3+ 12. Nxf3 Ra7 13. g4 Nh4 14. f5 Nxf3+
15. Kd1 Ng5 16. Rg1 Bf3 17. Bxg5 Qa8 18. Qxf3 Qxf3+ 19. Be2 Qb7 20. f6 g6 21.
Rg3 c5 22. Bf3 Qc7 23. Kc2 c4 24. Bf4 b5 25. b4 a5 26. h4 h6 27. g5 hxg5 28.
Bxg5 Bh6 29. Rh1 d5 30. h5 Qc8 31. hxg6 fxg6 32. f7+ Rxf7 33. Bxh6 Rfh7 34. Rxg6
Kf7 35. Bh5 Ke7 36. Bg5+ Kd7 37. Rg7+ Rxg7 38. Bf6 Rg2+ 39. Kb1 Rh7 40. bxa5
Rxh5 41. Rxh5 Rg1+ 42. Kb2 Qa6 43. Rh7+ Kc6 44. Bd8 Qc8 45. Rc7+ Qxc7 46. Bxc7
Kxc7 0-1

[Event "Armandinho"]
[Site "http://www.queenalice.com/game.php?id=1440385"]
[Date "2016.9.9"]
[Round "-"]
[White "reccar"]
[Black "lrschenk"]
[Result "0-1"]
[WhiteElo "1528"]
[BlackElo "1737"]

1. e4 e5 2. d3 Nf6 3. Nc3 Bc5 4. Qd2 Ng4 5. Nh3 O-O 6. Be2 d6 7. O-O Qh4 8. Bd1
f5 9. exf5 Rxf5 10. Ne4 d5 11. Nxc5 Rg5 12. Nxg5 Qxh2# 0-1

[Event "Armando"]
[Site "http://www.queenalice.com/game.php?id=1441311"]
[Date "2016.9.14"]
[Round "-"]
[White "reccar"]
[Black "lrschenk"]
[Result "1-0"]
[WhiteElo "1546"]
[BlackElo "1739"]

1. e4 e5 2. d3 d5 3. Nf3 d4 4. Nxe5 Qe7 5. Nf3 c5 6. Nbd2 f5 7. Qe2 f4 8. Nc4 h5
9. Bxf4 Nc6 10. Bd6 Qf6 11. e5 Nxe5 12. Bxe5 Qe7 13. O-O-O Rh6 14. Re1 Re6 15.
Kb1 Nf6 16. Qd1 Qd7 17. Ng5 Qb5 18. Nxe6 Bxe6 19. Be2 g6 20. Bxf6 a5 21. a3 Qc6
22. Bf3 Qd7 23. Be5 Ra7 24. Nb6 Qb5 25. Nc4 Bxc4 26. dxc4 Qxc4 27. Bb8+ 1-0

[Event "Carcanha"]
[Site "http://www.queenalice.com/game.php?id=1441628"]
[Date "2016.9.17"]
[Round "-"]
[White "lrschenk"]
[Black "reccar"]
[Result "1-0"]
[WhiteElo "1715"]
[BlackElo "1570"]

1. e4 e5 2. Nf3 d6 3. Bc4 Be7 4. d3 h6 5. Nc3 Bd7 6. Nd5 Nc6 7. Bb5 Bf6 8. Be3
Nge7 9. c4 a6 10. Qa4 axb5 11. Qxa8 O-O 12. Qxd8 Rxd8 13. Nxc7 bxc4 14. dxc4 Na7
15. Bxa7 Rc8 16. Bb6 Nc6 17. O-O-O Be7 18. Nd5 Bd8 19. c5 dxc5 20. Bxc5 b6 21.
Bxb6 Bxb6 22. Nxb6 Rd8 23. Nxd7 1-0

[Event "Return match"]
[Site "http://www.queenalice.com/game.php?id=1441770"]
[Date "2016.9.18"]
[Round "-"]
[White "reccar"]
[Black "Vin100"]
[Result "1-0"]
[WhiteElo "1573"]
[BlackElo "1570"]

1. e4 e5 2. d3 Nc6 3. Nf3 d6 4. a3 f5 5. Nbd2 Be6 6. b3 Nf6 7. Bb2 Be7 8. Nh4 g6
9. Be2 Nd7 10. Nhf3 Nf6 11. O-O d5 12. Nxe5 dxe4 13. Nxc6 bxc6 14. Qb1 Nd5 15.
Bxh8 Nf6 16. dxe4 Qxd2 17. Qd1 O-O-O 18. e5 Ne4 19. Bf6 Nxf6 20. exf6 Bxf6 21.
Bd3 Qxd1 22. Raxd1 Bc3 23. a4 Kb7 24. f3 g5 25. Rf2 h5 26. Re2 Rd6 27. Rb1 a5
28. Bc4 Bxc4 29. bxc4+ Bb4 30. c3 c5 31. Re5 Kc6 32. Rxf5 Bxc3 33. Rxg5 h4 34.
h3 Rd4 35. Rg6+ Rd6 36. Rg5 Rd4 37. Rb5 Rxc4 38. Rg6+ Kd5 39. Rg5+ Kd4 40. Rg4+
Kd3 41. Rxc4 Kxc4 42. Rb1 Bb4 43. Rc1+ Kb3 44. Rf1 c4 45. f4 c3 46. f5 c2 47. f6
Kxa4 48. Kf2 Ba3 49. f7 Kb3 50. Ke2 c1=Q 51. Rxc1 c5 52. f8=Q Bxc1 53. Qxc5 Bf4
54. Qxa5 Bg3 55. Qg5 Kc4 56. Qg4+ Kd5 57. Kf3 Be1 58. Qe4+ 1-0

[Event "Né"]
[Site "http://www.queenalice.com/game.php?id=1441996"]
[Date "2016.9.19"]
[Round "-"]
[White "reccar"]
[Black "lrschenk"]
[Result "1-0"]
[WhiteElo "1560"]
[BlackElo "1733"]

1. e4 e5 2. d3 Nc6 3. Nf3 f6 4. Nc3 Bb4 5. Bd2 Bc5 6. a3 Bd4 7. Nxd4 Nxd4 8. Be3
c5 9. Nd5 Qa5+ 10. c3 d6 11. Bxd4 cxd4 12. b4 Qd8 13. Be2 Be6 14. Bf3 g5 15. c4
Bxd5 16. cxd5 Qc7 17. O-O h5 18. Rc1 Qf7 19. Qa4+ Ke7 20. Rc7+ Kf8 21. Rxf7+
Kxf7 22. h3 Nh6 23. Bxh5+ Kg8 24. Qd7 Rh7 25. Qxd6 Rf8 26. Qe6+ Kh8 27. Bg6 Rc7
28. Qd6 Rfc8 29. Qxf6+ Rg7 30. Qxg5 Nf7 31. Qf6 Kg8 32. Bf5 Rc3 33. Be6 Rxd3 34.
Rc1 Rc3 35. Rxc3 dxc3 36. Qe7 Kh8 37. Bxf7 c2 38. Qc7 c1=Q+ 39. Qxc1 Rxf7 40. f3
1-0

[Event "Barrigudo"]
[Site "http://www.queenalice.com/game.php?id=1442234"]
[Date "2016.9.21"]
[Round "-"]
[White "lrschenk"]
[Black "reccar"]
[Result "0-1"]
[WhiteElo "1710"]
[BlackElo "1583"]

1. e4 e5 2. Nf3 d6 3. d4 Nf6 4. dxe5 Nxe4 5. Bg5 Nxg5 6. exd6 Bxd6 7. Qe2+ Be7
8. Nxg5 O-O 9. Nxh7 Kxh7 10. Qh5+ Kg8 11. Bd3 g6 12. Qh6 Bf6 13. h4 Bg7 14. Qf4
Bxb2 15. h5 Re8+ 16. Kf1 Bxa1 17. Qg3 Re6 18. hxg6 fxg6 19. Nd2 Qe7 20. Bc4 Kg7
21. Nf3 Re4 22. Bd3 Rg4 23. Qh3 Kf7 24. Qh6 Bg7 25. Qh7 Nd7 26. Rh6 Qf6 27.
Bxg6+ Rxg6 28. Rxg6 Qa1+ 29. Ne1 Nf8 0-1

[Event "Challenge"]
[Site "http://www.queenalice.com/game.php?id=1443033"]
[Date "2016.9.27"]
[Round "-"]
[White "ORNELAS"]
[Black "reccar"]
[Result "1-0"]
[WhiteElo "1607"]
[BlackElo "1610"]

1. b3 e5 2. d4 d6 3. dxe5 dxe5 4. Qxd8+ Kxd8 5. Bb2 Nc6 6. e4 Be7 7. Nf3 Bf6 8.
Nbd2 Bd7 9. Bb5 Nge7 10. O-O-O Kc8 11. Nc4 a6 12. Ba4 b5 13. Nd6+ cxd6 14. Rxd6
Rd8 15. Bxb5 axb5 16. Kb1 Kc7 17. Rhd1 Ra6 18. R6d2 Nb8 19. Bxe5+ Kc8 20. Bxb8
Bc3 21. Rd3 b4 22. Be5 Bxe5 23. Nxe5 Ra7 24. Nxf7 Rf8 25. Nd6+ Kc7 26. f3 Rfa8
27. a4 Rd8 28. e5 Nc6 29. Nb5+ Kb7 30. Nxa7 Kxa7 31. f4 Kb7 32. Rd5 Kc7 33. Rc5
g6 34. e6 Bxe6 35. Rxd8 Kxd8 36. Rxc6 Bd7 37. Rb6 Kc8 38. Rxb4 Bf5 39. a5 Kd8
40. a6 Kc8 41. a7 Be4 42. Rxe4 Kb7 43. Ra4 1-0

[Event "Né"]
[Site "http://www.queenalice.com/game.php?id=1443284"]
[Date "2016.9.28"]
[Round "-"]
[White "reccar"]
[Black "lrschenk"]
[Result "1-0"]
[WhiteElo "1604"]
[BlackElo "1692"]

1. e4 e5 2. d3 Bc5 3. Qd2 Qf6 4. Nf3 h6 5. Qc3 Nc6 6. Qxc5 d6 7. Qe3 Bg4 8. Nbd2
Nb4 9. Kd1 O-O-O 10. Qe2 d5 11. h3 dxe4 12. dxe4 Qc6 13. c3 Nd3 14. Qe3 Nf4 15.
hxg4 Nf6 16. g3 Nxg4 17. Qe1 Qb6 18. Bh3 h5 19. b4 Nd3 20. Qe2 Nxf2+ 21. Kc2
Nxh1 22. Bxg4+ hxg4 23. Nc4 Qa6 24. Nfxe5 Qa4+ 25. Kb1 Nxg3 26. Qxg4+ f5 27.
Qxg3 fxe4 28. Qg4+ Kb8 29. Nb2 Qb5 30. Qxe4 Rde8 31. Bf4 Qf1+ 32. Bc1 Ka8 33.
Nbd3 Rh3 34. Nc5 c6 35. Qd4 Qe1 36. Qd7 Rb8 37. Ned3 Qxc3 38. Qxh3 b6 39. Nb3 g5
40. Bb2 Qc4 41. Nbc1 g4 42. Qg2 Re8 43. a3 Re3 44. Qg1 Rf3 45. Ne5 Qe4+ 46. Ka2
Qxe5 47. Bxe5 Rf1 48. Qxf1 a6 49. Qxa6# 1-0

[Event "Carcanha"]
[Site "http://www.queenalice.com/game.php?id=1443333"]
[Date "2016.9.29"]
[Round "-"]
[White "lrschenk"]
[Black "reccar"]
[Result "1-0"]
[WhiteElo "1672"]
[BlackElo "1624"]

1. e4 e5 2. Nf3 d6 3. d4 Nf6 4. Bg5 Nbd7 5. d5 Be7 6. Nc3 b6 7. Bd3 Bb7 8. a4 a5
9. Qe2 Nc5 10. Bb5+ Nfd7 11. Bxe7 Qxe7 12. Qe3 Ba6 13. Bxa6 Nxa6 14. Nb5 O-O 15.
h4 Nac5 16. Nxc7 Rac8 17. Nb5 Nf6 18. h5 Nfxe4 19. h6 g6 20. O-O-O Qf6 21. b3 g5
22. Rh5 Kh8 23. Nxg5 Qg6 24. g4 Nf6 25. f3 Ncd7 26. c3 Nxh5 27. gxh5 Qxh5 28.
Nxd6 Rxc3+ 29. Qxc3 Qxg5+ 30. Kb2 Qxh6 31. Qc7 Nf6 32. Nxf7+ Rxf7 33. Qxf7 Ng8
34. Qc7 Qh2+ 35. Ka3 Qg3 36. Rd3 e4 37. Qxg3 exd3 38. Qf2 Nf6 39. Qd4 h5 40.
Qxf6+ Kg8 41. Qg6+ Kh8 42. Qxd3 h4 43. Qe2 h3 44. d6 Kg8 45. d7 1-0

[Event "Carcanha"]
[Site "http://www.queenalice.com/game.php?id=1445765"]
[Date "2016.10.15"]
[Round "-"]
[White "lrschenk"]
[Black "reccar"]
[Result "1-0"]
[WhiteElo "1709"]
[BlackElo "1594"]

1. e4 e5 2. Nf3 d6 3. Bc4 Nf6 4. Ng5 Qd7 5. Bxf7+ Kd8 6. Be6 Qe7 7. Nf7+ Ke8 8.
Bxc8 Qxf7 9. Bxb7 Kd7 10. Bxa8 c6 11. Qf3 h5 12. Qb3 d5 13. Qb7+ Ke6 14. Qxb8
Nxe4 15. f3 Nd6 16. Bxc6 Be7 17. Qb3 g6 18. Bxd5+ Kd7 19. Bxf7 Nxf7 20. Qxf7 1-0

[Event "Armandinho"]
[Site "http://www.queenalice.com/game.php?id=1445766"]
[Date "2016.10.15"]
[Round "-"]
[White "reccar"]
[Black "lrschenk"]
[Result "0-1"]
[WhiteElo "1583"]
[BlackElo "1728"]

1. e4 e5 2. d3 c5 3. Nf3 Bd6 4. Nbd2 b5 5. b3 Qa5 6. Bb2 f6 7. a3 Nc6 8. Be2 Qb6
9. O-O f5 10. Re1 c4 11. dxc4 Bc5 12. Rf1 fxe4 13. Nxe4 Bf8 14. Bd4 Nxd4 15.
Nxd4 exd4 16. Bd3 Nh6 17. cxb5 Nf5 18. a4 Be7 19. Qf3 O-O 20. Bc4+ Kh8 21. Nd2
d6 22. Qxa8 Bb7 23. a5 Qc7 24. Qxa7 Ra8 25. b6 Qc6 26. Bb5 Qxg2# 0-1

[Event "Challenge"]
[Site "http://www.queenalice.com/game.php?id=1446061"]
[Date "2016.10.17"]
[Round "-"]
[White "cyrillt"]
[Black "reccar"]
[Result "1-0"]
[WhiteElo "1401"]
[BlackElo "1580"]

1. e4 e5 2. Bc4 Nf6 3. Nc3 d6 4. d4 Nbd7 5. Nf3 h6 6. Be3 b6 7. O-O Bb7 8. d5
Be7 9. a4 a6 10. b4 Qc8 11. Qd3 O-O 12. b5 a5 13. Ne2 Nc5 14. Bxc5 1-0

[Event "Carcanha"]
[Site "http://www.queenalice.com/game.php?id=1446777"]
[Date "2016.10.21"]
[Round "-"]
[White "lrschenk"]
[Black "reccar"]
[Result "1-0"]
[WhiteElo "1756"]
[BlackElo "1589"]

1. e4 e5 2. Nf3 d6 3. Bc4 h6 4. d4 Nd7 5. dxe5 dxe5 6. Qd5 Qe7 7. Qa5 b6 8. Qd5
Ngf6 9. Qxa8 Qd8 10. Qc6 a5 11. Nxe5 Be7 12. Bxf7+ Kf8 13. Ng6+ Kxf7 14. Nxh8+
Qxh8 15. Qxc7 Qd8 16. Qc4+ Ke8 17. O-O g5 18. f4 g4 19. f5 h5 20. Bf4 Bb7 21.
Bc7 Qa8 22. Nd2 Bc5+ 23. Kh1 Nxe4 24. Rae1 Nf6 25. Nxe4 Bxe4 26. Qe6+ Kf8 27.
Qxf6+ Ke8 28. Qe6+ Kf8 29. Rxe4 Qb7 30. Qf6+ Kg8 31. Re8+ Kh7 32. Qg6# 1-0

[Event "Armando"]
[Site "http://www.queenalice.com/game.php?id=1447154"]
[Date "2016.11.1"]
[Round "-"]
[White "reccar"]
[Black "lrschenk"]
[Result "0-1"]
[WhiteElo "1582"]
[BlackElo "1749"]

1. e4 e5 2. d3 Bc5 3. Nf3 Nc6 4. Be2 Qf6 5. Nbd2 Qg6 6. Nh4 Qf6 7. Ndf3 h6 8.
Bd2 d6 9. a3 g5 10. Nf5 Bxf5 11. exf5 Qxf5 12. b4 Bd4 13. c3 Bb6 14. O-O Nf6 15.
Kh1 Rg8 16. Rg1 Bxf2 17. Rf1 Bb6 18. Qa4 Qe6 19. Rfc1 e4 20. Nd4 Qe5 21. h3
O-O-O 22. dxe4 Nxe4 23. Nf3 Nf2+ 24. Kg1 Nd3+ 25. Kh1 Nf2+ 26. Kg1 Nxh3+ 27. Kf1
Rge8 28. Nxe5 Rxe5 29. gxh3 Rf5+ 30. Kg2 Rf2+ 31. Kg1 Rxe2+ 32. Kf1 Rxd2 33. Rc2
Rd3 34. Qb5 Ne5 35. Ke2 c6 36. Qa4 Re8 37. Rcc1 Rxh3 38. b5 Nd3+ 39. Kd2 Nxc1
40. bxc6 Nb3+ 41. Qxb3 Rh2+ 42. Kd3 Re3+ 43. Kc4 Rh4+ 44. Kd5 Rd3# 0-1

[Event "Carcanha"]
[Site "http://www.queenalice.com/game.php?id=1448061"]
[Date "2016.11.4"]
[Round "-"]
[White "lrschenk"]
[Black "reccar"]
[Result "0-1"]
[WhiteElo "1774"]
[BlackElo "1557"]

1. e4 e5 2. Nf3 d6 3. Bc4 h6 4. d4 Nd7 5. c3 Ngf6 6. Nbd2 Be7 7. Nh4 Rh7 8. Ndf3
Nxe4 9. dxe5 Nxe5 10. Nxe5 Bxh4 11. Nxf7 Bxf2+ 12. Kf1 Qf6 13. Qg4 Bb6+ 14. Bf4
Nd2+ 15. Ke1 Nxc4 16. Qe2+ Be6 17. Qe4 Qxf7 18. Rf1 Qg8 19. Qxb7 Rd8 20. Qc6+
Ke7 21. a4 Bd5 22. Qb5 g5 23. Rd1 Qe6+ 0-1